Fiscal monitor shifting gears

Salvato in:
Dettagli Bibliografici
Natura: Libro
Lingua:inglese
Pubblicazione: Washington, D.C. International Monetary Fund 2011
Serie:World economic and financial surveys
Soggetti:
Tags: Aggiungi Tag
Nessun Tag, puoi essere il primo ad aggiungerne!!

MARC

LEADER 00000nam a2200000 4500
001 0134749
005 20240315115305.2
020 |a 978-1-61635-066-6 
041 0 |a eng 
044 |a US 
245 1 0 |a Fiscal monitor  |b shifting gears 
264 1 |a Washington, D.C.  |b International Monetary Fund  |c 2011 
300 |a 140 s. 
490 1 |a World economic and financial surveys 
830 0 |a World economic and financial surveys 
610 2 0 |a politika fiškálna 
610 2 0 |a financie verejné 
610 2 0 |a predvídanie 
610 2 0 |a kríza finančná